Crimson city : (Record no. 97858)

MARC details
000 -LEADER
fixed length control field 00547nam a22001817a 4500
005 - DATE AND TIME OF LATEST TRANSACTION
control field 20160106101657.0
010 ## - LCCN (DPL NO)
LC control number ENG-114345
020 ## - INTERNATIONAL STANDARD BOOK NUMBER
International Standard Book Number 9789350097861
Terms of availability 395.00
035 ## - SYSTEM CONTROL NUMBER
System control number EN-97877
037 ## - SOURCE OF ACQUISITION
Source of stock number/acquisition DBAD/PUB
082 ## - DEWEY DECIMAL CLASSIFICATION NUMBER
Classification number N
100 ## - MAIN ENTRY--PERSONAL NAME
Personal name Liddle, Madhulika
245 ## - TITLE STATEMENT
Title Crimson city :
Statement of responsibility, etc by Madhulika Liddle
Remainder of title a Muzaffar Jang mystery /
260 ## - PUBLICATION, DISTRIBUTION, ETC. (IMPRINT)
Place of publication, distribution, etc Gurgaon
Name of publisher, distributor, etc Hachette Book Publishing
Date of publication, distribution, etc 2015
270 ## - ADDRESS
Address 4th & 5th Floors, Corporate Centre, Plot No.94, Sector 44
City Gurgaon
Postal code 122003
300 ## - PHYSICAL DESCRIPTION
Extent 326p.
Dimensions 21cm(pbk)
942 ## - ADDED ENTRY ELEMENTS (KOHA)
Source of classification or shelving scheme Dewey Decimal Classification
Item type English Books
Call number suffix LID
Classification part N
Holdings
Withdrawn status Lost status Not for loan Collection code Home library Current library Date acquired Source of acquisition Cost, normal purchase price Full call number Barcode Copy number Cost, replacement price Koha item type
    Not For Loan Fiction D.B.Act.Division D.B.Act.Division 19/10/2015 DBAD/PUB 395.00 N LID EN-97877 1 395.00 English Books

© Delhi Public Library
Hit Counter
free hit counter